000 00501 a2200169 4500
020 _a1891121383
040 _aDLC
_bDLC
100 1 _aLonngren, Karl E.
245 1 0 _aFundamentals of electromagnetics with MATLAB
_cKarl E. Lonngren, Sava V. Savov
260 _aRaleigh, NC :
_bSciTech Pub.,
_cc2005.
300 _axii, 641 p. :
_bill. ;
_c24 cm.
500 _aIncludes index.
650 0 _aElectric engineering.
650 0 _aElectromagnetism.
700 1 _aSavov, Sava V.
942 _cBK
_k537 LON
_2ddc
999 _c9797
_d9797